Comparative study of e-office and digital document file system (Record no. 5944)

MARC details
000 -LEADER
fixed length control field 00617nam a22002057a 4500
003 - CONTROL NUMBER IDENTIFIER
control field OSt
005 - DATE AND TIME OF LATEST TRANSACTION
control field 20220107122835.0
008 - FIXED-LENGTH DATA ELEMENTS--GENERAL INFORMATION
fixed length control field 171129b xxu||||| |||| 00| 0 eng d
040 ## - CATALOGING SOURCE
Transcribing agency IIITMK
100 ## - MAIN ENTRY--PERSONAL NAME
Personal name Shine, I S (15650012)
9 (RLIN) 13461
245 ## - TITLE STATEMENT
Title Comparative study of e-office and digital document file system
300 ## - PHYSICAL DESCRIPTION
Extent PGDEG-Main Project
502 ## - DISSERTATION NOTE
Degree type PGDEG
Name of granting institution 2015-2016
Year degree granted INT
-- Ajith kumar R
650 ## - SUBJECT ADDED ENTRY--TOPICAL TERM
Topical term or geographic name entry element E-OFFICE
9 (RLIN) 13462
650 ## - SUBJECT ADDED ENTRY--TOPICAL TERM
Topical term or geographic name entry element E-FILE
9 (RLIN) 13463
650 ## - SUBJECT ADDED ENTRY--TOPICAL TERM
Topical term or geographic name entry element DIGITAL DOCUMENT
9 (RLIN) 13464
650 ## - SUBJECT ADDED ENTRY--TOPICAL TERM
Topical term or geographic name entry element KNOWLEDGE MANAGEMENT SYSTEM
9 (RLIN) 13465
700 ## - ADDED ENTRY--PERSONAL NAME
Personal name Susanth Krishnan, G (15650014)
9 (RLIN) 13466
942 ## - ADDED ENTRY ELEMENTS (KOHA)
Source of classification or shelving scheme Dewey Decimal Classification
Koha item type
Holdings
Withdrawn status Lost status Source of classification or shelving scheme Damaged status Not for loan Collection code Home library Current library Shelving location Date acquired Total Checkouts Barcode Date last seen Price effective from Koha item type
    Dewey Decimal Classification     Non Fiction IIITM-K Kerala University of Digital Sciences, Innovation and Technology Knowledge Centre   29/11/2017   R-1331 29/11/2017 29/11/2017 Project Reports